| 000 | 00592nam a2200193Ia 4500 | ||
|---|---|---|---|
| 005 | 20250317131309.0 | ||
| 008 | 008 250317s9999 xx 000 0 eng d | ||
| 020 | _a0-273-65184-6 | ||
| 037 | _aTextbook | ||
| 040 |
_aFMSL _beng _cFMSL |
||
| 041 |
_aeng _2eng |
||
| 084 |
_aX:8D.1 P2 _qFMSL |
||
| 100 |
_aRoberis Clare _9746813 |
||
| 245 | 0 | _aInternational Ficial Accounting;A Comparative Approach | |
| 260 |
_aGosport _bGosport, Ficial Times Prentice Hall _c2002 |
||
| 300 | _axxi,758 | ||
| 942 |
_cTB _hX:8D.1 P2 |
||
| 999 |
_c1267539 _d1267539 |
||